العلاقات المصرية العثمانية 1382-1517م / 784-923 ه / (Record no. 16007)

MARC details
000 -الفاتح
حقل البيانات ثابتة الطول 01191nam a22002777i 4500
003 - محدد رقم الضبط
رقم الضبط EG-ScBUE
005 - وقت وتاريخ اخر تعامل مع التسجيلة
رقم الضبط 20231121104839.0
008 - عناصر البيانات ثابتة الطول - معلومات عامة
حقل البيانات ثابتة الطول 110912s1995 ua f b 000 0 ara d
017 ## - رقم الإيداع القانونى
رقم الإيداع القانونى 94 / 11811
020 ## - الرقم الدولى المعيارى للكتب
الرقم الدولى المعيارى للكتاب 977257215X
040 ## - مصدر الفهرسة
وكالة الفهرسة الأصلية EG-ScBUE
لغة الفهرسة ara
قواعد الوصف rda
وكالة النسخ EG-ScBUE
وكالة التعديل EG-ScBUE
043 ## - رمز المنطقة الجغرافية
رمز المنطقة الجغرافية f-ua---
082 04 - رقم تصنيف ديوى العشرى
رقم الطبعة 22
رقم المادة ق ر م
رقم التصنيف 962.024
100 1# - المدخل الرئيسى - إسم شخصى
9 (RLIN) 27144
الإسم الشخصى قرموط، عبد الرازق الطنطاوي،
الدور مؤلف.
245 12 - بيان العنوان
العنوان العلاقات المصرية العثمانية 1382-1517م / 784-923 ه /
بيان المسئوليه,etc الدكتور عبد الرازق الطنطاوي القرموط، رئيس قسم التاريخ والحضارة، جامعة الأزهر بأسيوط.
250 ## - بيان الطبعة
بيان الطبعة الطبعة الأولى.
264 #1 - النشر، التوزيع
مكان الناشر او الموزع القاهرة :
اسم الناشر او الموزع الزهراء للإعلام العربي،
تاريخ النشر أو التوزيع 1995.
300 ## - الوصف المادى
التعداد 299 صفحة ؛
أبعاد الوعاء 24 سم
336 ## - نوع المحتوى
source rdacontent
Carrier Type Term نص
Content Type Code txt
337 ## - نوع الوسيط
Media Type Term بدون وسيط
source rdamedia
Media Type Code n
338 ## - نوع الحامل أو الناقل
Carrier Type Term مجلد
Carrier Type Code nc
source rdacarrier
504 ## - تبصرة ببليوجرافية
تبصرة ببليوجرافية,الخ يشتمل على إرجاعات ببليوجرافية وكشاف.
651 #7 - المدخل الاضافى بالموضوع - اسم جغرافى
مصدر الرأس أو المصطلح BUEsh
الاسم الجغرافي ‪مصر
التقسيم الفرعي العام تاريخ
التقسيم الفرعي الزمني ‪عصر المماليك (1250-1517 م.).
655 ## - مصطلح تكشيفى-نوع/شكل
التقسيم الفرعي الشكلي Reading book
942 ## - عناصر المدخل الإضافي( كوها)
مصدر التصنيف او مخطط الترفيف Dewey Decimal Classification
Koha [default] item type Book - Borrowing
Holdings
حالة التراجع حالة الفقد مصدر التصنيف او خطة الترفيف حالة تلف ليس للاعارة مجموعات كوها المكان الدائم المكان الحالي موقع الترفيف تاريخ الاكتساب Source of acquisition رقم الاستدعاء الباركود Date last seen مُعار نوع الوعاء
    Dewey Decimal Classification     Alef-Baa Central Library Central Library Second Floor 12/09/2011 Purchase 962.024 ق ر م 000024702 15/07/2025 10/05/2012 Book - Borrowing